Sorteo de la Copa Davis
Publicado:
San Jorge, núm. 82 (2n trimestre 1971), pàg 59 :
MARC
| LEADER | 00000nam a2200000Ia 4500 | ||
|---|---|---|---|
| 001 | |||
| 008 | 160829s9999 xx 000 0 cat d | ||
| 245 | |a Sorteo de la Copa Davis | ||
| 260 | |a San Jorge, núm. 82 (2n trimestre 1971), pàg 59 | ||
| 610 | 2 | 0 | |a Davis Cup |9 55115 |
| 650 | |a Tennis |x Espanya |9 40520 | ||
| 901 | |a Arxiu | ||
| 942 | |n 1 | ||
| 952 | |0 0 |1 0 |4 0 |7 1 |9 50437 |a Arxiu |b Arxiu |d 2016-12-01 |l 0 |r 2016-12-01 00:00:00 |w 2016-12-01 |y ARXIU | ||
| 999 | |c 54279 |d 54279 | ||